| Поле | Инд. | ПП | Название | Значение |
|---|---|---|---|---|
| Тип записи | a | |||
| Библиографический уровень | b | |||
| 001 | Контрольный номер | RU/IS/BASE/329320842 | ||
| 005 | Дата корректировки | 20200630193135.7 | ||
| 008 | Кодируемые данные | 20100608 | ||
| 040 | b | Код языка каталог. | rus | |
| e | Правила каталог. | PSBO | ||
| 041 | 0_ | a | Код языка текста | rus |
| 084 | a | Индекс другой классификации/Индекс ББК | 66.05 | |
| 100 | 1_ | a | Автор | Крыжановская О. А. |
| 100 | 1_ | a | Автор | Свиридкина Е. В. |
| 245 | 10 | a | Заглавие | Технологии политического волеполагания |
| 504 | a | Библиография | Лит. в конце статьи | |
| 520 | a | Аннотация | Дана характеристика основных технологий политического волеполагания, позволяющих не только осознать причины неудач политических действий, но и повысить их эффективность. Автор подчеркивает, что нарушение технологий политического волеполагания приводит к патологическим проявлениям политической воли - разрывам в механизмах исполнительной деятельности, неразвитости контрольно-оценочных функций и т.д. | |
| 650 | a | Основная рубрика | политика | |
| a | Основная рубрика | политология | ||
| 653 | a | Ключевые слова | акразия | |
| a | Ключевые слова | амбинал | ||
| a | Ключевые слова | волюнтаризм | ||
| a | Ключевые слова | интернал | ||
| a | Ключевые слова | конформизм | ||
| a | Ключевые слова | политическая воля | ||
| a | Ключевые слова | политическое волеполагание | ||
| a | Ключевые слова | популизм | ||
| a | Ключевые слова | технологии волеполагания | ||
| a | Ключевые слова | экстернал | ||
| a | Ключевые слова | экстернализм | ||
| 773 | 0_ | t | Заглавие источника | Философия права |
| d | Дата издания источника | 2009 | ||
| g | Прочая информация | № 6. - С. 81 - 85 | ||
| w | Контрольный № источника | RU/IS/BASE/321799267 | ||
| 901 | t | Тип документа | b |